000 00699nam a2200217Ia 4500
003 GCL
008 140319s9999 xx 000 0 ara d
040 _aGCL /
_cGCL
082 0 4 _a219.3
_bم ف
100 1 _aمحمد عزيز نظمى سالم
245 1 0 _aالفكر السسياسى والحكم فى الاسلام /
_cمحمد عزيز نظمى سالم
260 _a[S.N] :
_bمؤسسة شباب الجامعة
300 _a264
490 _a
650 0 4 _aالفلسفة الاسلامية
650 0 4 _aالخلافة
650 0 4 _aالتاريخ الاسلامى
650 0 4 _aالاحكام السلطانية
650 0 4 _aالاسلام والسياسة
942 _2ddc
_cBK
999 _c31926
_d31926